00444nam a2200169 i 4500001000300000245006900003250001200072260003500084300001900119500001700138504002500155700002900180040000800209041000800217080000800225008004100233bg 0aFiziceskaja elektronika /cRed. koll. A. I. Andrievskij [i in.]. aVyp. 8. aL'vov :b"Visca Skola",c1974. as. 141 :brys. a[Alf. ros.]. a[Zawiera bibliogr.].1 aANDRIEVSKIJ, A. N.eRed. cBPK apol a537 s pl f |000 0 pol